000 00558nam a2200205Ia 4500
003 GCL
008 140319s9999 xx 000 0 eng d
040 _aGCL /
_cGCL
082 0 4 _a892.74
_bH A
100 1 _aHEINRICHS, WOLFHART
245 1 0 _aARABISCHE DICHTUNG UND GRIECHISCHE POETIK /
_cHEINRICHS, WOLFHART
260 _a[S.N] :
_bORIENT INSTITUT DMG ،
_c1969
300 _a289 PP
650 0 4 _aLITERATURE
650 0 4 _aالرسم الزخرفى
650 0 4 _aتغيير
650 0 4 _aتطوير
650 0 4 _aARABIC LITERATURE
942 _2ddc
_cBK
999 _c19128
_d19128